Locations of industries in Gujarat State, 1956-1960. (Record no. 71829)

MARC details
000 -LEADER
fixed length control field 00741cam a22002411 4500
001 - CONTROL NUMBER
control field sa 67000222
003 - CONTROL NUMBER IDENTIFIER
control field DLC
005 - DATE AND TIME OF LATEST TRANSACTION
control field 20260227112312.0
008 - FIXED-LENGTH DATA ELEMENTS--GENERAL INFORMATION
fixed length control field 861114s1963 ii b 000 0 eng
010 ## - LIBRARY OF CONGRESS CONTROL NUMBER
LC control number sa 67000222
025 ## - OVERSEAS ACQUISITION NUMBER
Overseas acquisition number PL480:I-E-6335
035 ## - SYSTEM CONTROL NUMBER
System control number (OCoLC)14711331
040 ## - CATALOGING SOURCE
Original cataloging agency DLC
Transcribing agency WaU
Modifying agency WaU
-- DLC
042 ## - AUTHENTICATION CODE
Authentication code premarc
050 00 - LIBRARY OF CONGRESS CALL NUMBER
Classification number HC437.G85
Item number A48
110 1# - MAIN ENTRY--CORPORATE NAME
Corporate name or jurisdiction name as entry element Gujarat (India).
Subordinate unit Bureau of Economics and Statistics.
245 10 - TITLE STATEMENT
Title Locations of industries in Gujarat State, 1956-1960.
260 ## - PUBLICATION, DISTRIBUTION, ETC.
Place of publication, distribution, etc. Ahmedabad
Date of publication, distribution, etc. [1963]
300 ## - PHYSICAL DESCRIPTION
Extent 186, 4 p.
Other physical details fold. map.
Dimensions 25 cm.
490 1# - SERIES STATEMENT
Series statement Its Monograph
Volume/sequential designation 3
650 #0 - SUBJECT ADDED ENTRY--TOPICAL TERM
Topical term or geographic name entry element Industries
Geographic subdivision India
-- Gujarat.
810 1# - SERIES ADDED ENTRY--CORPORATE NAME
Corporate name or jurisdiction name as entry element Gujarat (India).
Subordinate unit Bureau of Economics and Statistics.
Title of a work Monograph
Volume/sequential designation 3.

No items available.

Powered by Koha